000 00734cam a2200265 4500
008 090401t1995 xxu||||| |||| 00| 0 eng d
020 _a0117531111
035 _a(Sirsi) u35025
041 _aeng
050 _a711.558
100 _aLee, E.M.
245 _aCoastal planning and management: review of earth science information needs.
260 _aLondon
_bHMSO
_c1995
300 _axxii,187p. : ill.,maps ; 30cm.
350 _a25
650 _aCOASTAL MANAGEMENT
650 _aCOASTAL PLANNING
650 _aDEVELOPMENT
650 _aEARTH SCIENCE
650 _aINFORMATION NEEDS
690 _aMARINE RESOURCES
710 _aUnited Kingdom
_bDepartment of the Environment
_9982
942 _n0
948 _c04/03/1997
999 _c90025
_d90025